| 000 | 01355cam a22003737a 4500 | ||
|---|---|---|---|
| 003 | CHAP | ||
| 005 | 20220329142323.0 | ||
| 008 | 000621d1999 mx r 00110 spa d | ||
| 010 | _a81645 | ||
| 011 | _a82617 | ||
| 035 | _a93116 | ||
| 040 | _cCHAP | ||
| 090 | _aTesis | ||
| 100 | 0 | 0 |
_aGerón Espinosa, Lilia Susana. _947773 |
| 245 | 1 | 0 |
_aUso de aguas residuales tratadas para riego de lechuga bajo sistemas de acolchado _c/por Lilia Susana Gerón Espinosa |
| 260 |
_aChapingo, Méx. : _bEl autor, _c2000. |
||
| 300 |
_a137 h. : _bfotografías ; gráfs. |
||
| 502 | _aTesis (M.C. en Horticultura) -- UACH. Departamento de Fitotecnia | ||
| 590 |
_aALEPH _b10 _c20130110 _lUCH01 _h1436 |
||
| 590 |
_aBATCH-UPD _b10 _c20130110 _lUCH01 _h0338 |
||
| 590 |
_aBATCH-UPD _b10 _c20130110 _lUCH01 _h1924 |
||
| 590 |
_aBATCH-UPD _b10 _c20130410 _lUCH01 _h0011 |
||
| 590 |
_aBATCH-UPD _b10 _c20130410 _lUCH01 _h1612 |
||
| 590 |
_aBATCH-UPD _b10 _c20130913 _lUCH01 _h1914 |
||
| 590 |
_aCONVERSION _b10 _c20130109 _lUCH01 _h1345 |
||
| 650 | 1 | 4 |
_aAcolchado de suelos. _9623 |
| 650 | 1 | 4 |
_aAguas residuales para irrigación. _92591 |
| 650 | 1 | 4 |
_aLechuga _xIrrigación. _965464 |
| 901 | _aBK | ||
| 905 | _aMayto Villalobos S. | ||
| 942 | _cFOLL | ||
| 949 |
_aTesis _bBC _cTES _d33724000783692 _eTS2 _fc.2 _h36537 _i93116 _si |
||
| 949 |
_aTesis _bBC _cTES _d931161 _eTS1 _h36536 _i93116 _sb |
||
| 999 |
_c81645 _d81645 |
||